Countries With Eight Borders - One Minute Sprint - Statistics

General Stats
  • This quiz has been taken 29 times
  • The average score is 9 of 11
Answer Stats
a neighbor country % Correct
Paraguay Brazil
96%
Laos China
96%
Azerbaijan Russia
96%
Italy France
88%
Czechia Germany
84%
Slovenia Austria
80%
South Sudan DR Congo
80%
Bulgaria Serbia
72%
Iraq Turkey
72%
Kenya Tanzania
64%
Namibia Zambia
56%
No matching quizzes found
Score Distribution
Percent of People with Each Score
Percentile by Number Answered
Your Score History
You have not taken this quiz